Ägyptische wörter und namen in altorientalischen sprachen /
محفوظ في:
المؤلف الرئيسي:
التنسيق: كتاب
اللغة: German
منشور في:
Münster :
Ugarit-Verlag,
2022.
سلاسل:
Alter Orient und Altes Testament ;
Band 449
الموضوعات:
الوسوم: إضافة وسم
لا توجد وسوم, كن أول من يضع وسما على هذه التسجيلة!
رقم الطلب:
| LEADER | 01158nam a22003137a 4500 | ||
|---|---|---|---|
| 003 | OSt | ||
| 005 | 20260428094443.0 | ||
| 008 | 260428t2022 gw b 001 0 ger | ||
| 010 | |a 2023400078 | ||
| 020 | |a 09314296 |q (hardcover) | ||
| 020 | |a 9783868353487 |q (hardcover) | ||
| 040 | |a ItFiC |b eng |e rda |c ItFiC |d DLC | ||
| 042 | |a lccopycat | ||
| 043 | |a f-ua--- | ||
| 100 | 1 | |a Mahlich, Elena, |e author. |0 http://id.loc.gov/authorities/names/no2021068361 | |
| 245 | 1 | 0 | |a Ägyptische wörter und namen in altorientalischen sprachen / |c Elena Mahlich. |
| 264 | 1 | |a Münster : |b Ugarit-Verlag, |c 2022. | |
| 300 | |a xvii, 749 pages ; |c 25 cm. | ||
| 336 | |a text |b txt |2 rdacontent | ||
| 337 | |a unmediated |b n |2 rdamedia | ||
| 338 | |a volume |b nc |2 rdacarrier | ||
| 490 | 0 | |a Alter Orient und Altes Testament ; |v Band 449 | |
| 504 | |a Includes bibliographical references (pages [657]-716) and indexes. | ||
| 650 | 0 | |a Names, Egyptian. | |
| 650 | 0 | |a Oriental languages |x Foreign words and phrases |x Egyptian. | |
| 906 | |a 0 |b ibc |c origres |d 3 |e ncip |f 20 |g y-gencatlg | ||
| 942 | |2 lcc |c BK | ||
| 955 | |a ve21 2023-01-27 |a fd10 2023-04-19 |a fd00 2023-05-10 to GS/GER | ||
| 999 | |c 62192 |d 62192 | ||
